00451nam a2200181Ia 4500008004100000020001800041050001400059100001800073245003400091245004500125260001500170260001600185260000900201300001500210300002700225300001000252500000700262170918s9999 xx 000 0 und d a9780590275989 bG448 1994 aGibson, Akimi aThere's a hole in my pocket / cAkimi Gibson ; pictures by Jeni Bassett. aNew York : bScholastic, c1994 a16 pages : bcolored illustration ; c23cm. aBR